It's Always Too Soon to Quit / (Record no. 761)

000 -LEADER
fixed length control field nam a22 a 4500
003 - CONTROL NUMBER IDENTIFIER
control field AKMAL
005 - DATE AND TIME OF LATEST TRANSACTION
control field 20170505093325.0
008 - FIXED-LENGTH DATA ELEMENTS--GENERAL INFORMATION
fixed length control field 170505s19991998my | e | 000 0 eng d
020 ## - INTERNATIONAL STANDARD BOOK NUMBER
International Standard Book Number 9839214810
Qualifying information paperback
Terms of availability RM14.90
039 #9 - LEVEL OF BIBLIOGRAPHIC CONTROL AND CODING DETAIL [OBSOLETE]
Level of rules in bibliographic description 201605061030
Level of effort used to assign nonsubject heading access points VLOAD
Level of effort used to assign subject headings 201604260905
Level of effort used to assign classification VLOAD
Level of effort used to assign subject headings 201403210917
Level of effort used to assign classification norizan
Level of effort used to assign subject headings 201303071154
Level of effort used to assign classification fadzli
040 ## - CATALOGING SOURCE
Original cataloging agency AKMAL
Language of cataloging eng
Transcribing agency AKMAL
049 00 - LOCAL HOLDINGS (OCLC)
Holding library klpmal
082 04 - DEWEY DECIMAL CLASSIFICATION NUMBER
Classification number 248.4 TIM
Edition number 21
090 00 - LOCALLY ASSIGNED LC-TYPE CALL NUMBER (OCLC); LOCAL CALL NUMBER (RLIN)
Classification number (OCLC) (R) ; Classification number, CALL (RLIN) (NR) 248.4
Local cutter number (OCLC) ; Book number/undivided call number, CALL (RLIN) TIM
090 20 - LOCALLY ASSIGNED LC-TYPE CALL NUMBER (OCLC); LOCAL CALL NUMBER (RLIN)
Classification number (OCLC) (R) ; Classification number, CALL (RLIN) (NR) 248.4
Local cutter number (OCLC) ; Book number/undivided call number, CALL (RLIN) TIM
100 1# - MAIN ENTRY--PERSONAL NAME
Personal name Timberlake, Lewis R.,
Relator term author.
9 (RLIN) 1651
245 10 - TITLE STATEMENT
Title It's Always Too Soon to Quit /
Statement of responsibility, etc. Lewis R. Timberlake foreword by Zig Ziglar
250 ## - EDITION STATEMENT
Edition statement Updated Edition
264 #1 - PRODUCTION, PUBLICATION, DISTRIBUTION, MANUFACTURE, AND COPYRIGHT NOTICE
Place of production, publication, distribution, manufacture Petaling Jaya, Selangor :
Name of producer, publisher, distributor, manufacturer Advantage Quest Publications,
Date of production, publication, distribution, manufacture, or copyright notice 1999
264 #4 - PRODUCTION, PUBLICATION, DISTRIBUTION, MANUFACTURE, AND COPYRIGHT NOTICE
Date of production, publication, distribution, manufacture, or copyright notice ©1998
300 ## - PHYSICAL DESCRIPTION
Extent 207 pages ;
Dimensions 22 cm
336 ## - CONTENT TYPE
Content type term text
Source rdacontent
337 ## - MEDIA TYPE
Media type term unmediated
Source rdamedia
338 ## - CARRIER TYPE
Carrier type term volume
Source rdacarrier
504 ## - BIBLIOGRAPHY, ETC. NOTE
Bibliography, etc. note Bibliography: page 207
650 #0 - SUBJECT ADDED ENTRY--TOPICAL TERM
Topical term or geographic name entry element Success
9 (RLIN) 2
650 #0 - SUBJECT ADDED ENTRY--TOPICAL TERM
Topical term or geographic name entry element Success
General subdivision Religious aspects
-- Christianity
9 (RLIN) 1652
700 1# - ADDED ENTRY--PERSONAL NAME
Personal name Ziglar, Zig
9 (RLIN) 1448
942 ## - ADDED ENTRY ELEMENTS (KOHA)
Source of classification or shelving scheme
Koha item type Book
Holdings
Withdrawn status Lost status Source of classification or shelving scheme Damaged status Not for loan Collection code Home library Current library Date acquired Inventory number Total Checkouts Full call number Barcode Date last seen Price effective from Koha item type
          NON-FICTION AKMAL Melaka AKMAL Melaka 05.05.2017 200914   248.4 TIM 201701694 05.05.2017 05.05.2017 Book
Pusat Sumber Maklumat Dato' Haji Sarmin Md Hussin, Akademi Kastam Diraja Malaysia, Melaka
Tel: 06-2331106 | Faks: 06-2313787